Normal view MARC view

Entry Personal Name

Number of records used in: 2

001 - CONTROL NUMBER

  • control field: 32679

003 - CONTROL NUMBER IDENTIFIER

  • control field: OSt

005 - DATE AND TIME OF LATEST TRANSACTION

  • control field: 20260702124235.0

008 - FIXED-LENGTH DATA ELEMENTS

  • fixed length control field: 260702|| aca||aabn | a|a d

040 ## - CATALOGING SOURCE

  • Original cataloging agency: OSt
  • Transcribing agency: OSt

100 ## - HEADING--PERSONAL NAME

  • Personal name: Calkins Lucy, Katie M. Wears, Rebecca Cronin and Baez Angela

670 ## - SOURCE DATA FOUND

  • Source citation: Work cat.: (OSt)25952: Calkins Lucy, Katie M. Wears, Rebecca Cronin and Baez Angela, Bibber Books, Bigger Reading Muscles, 2015

Powered by Koha